Europe: relative distance between top two cities Quiz Stats

 Plays Quiz not verified by Sporcle

Score 0/39 Timer 05:00
0 Plays Today
Country (top cities) G(reater) or S(maller) than radius % Correct
France (Paris and Marseille)???
83.3%
UK (London and Birmingham)???
74.1%
Russia – European part only - (Moscow and St Petersburg)???
72.2%
Switzerland (Zürich and Geneva)???
72.2%
Belgium (Brussels and Antwerp)???
70.4%
Croatia (Zagreb and Split)???
70.4%
Denmark – excludes Greenland - (Copenhagen and Aarhus)???
68.5%
Greece (Athens and Thessaloniki)???
68.5%
Montenegro (Podgorica and Niksic)???
68.5%
The Netherlands (Amsterdam and Rotterdam)???
68.5%
Albania (Tirana and Durrës)???
66.7%
Austria (Vienna and Graz)???
64.8%
Belarus (Minsk and Gomel)???
64.8%
Finland (Helsinki and Espoo)???
64.8%
Italy (Rome and Milan)???
64.8%
Latvia (Riga and Daugavpils)???
64.8%
Slovakia (Bratislava and Kosice)???
63%
Germany (Berlin and Hamburg)???
61.1%
Luxembourg (Luxembourg and Esch-sur-Alzette)???
61.1%
Romania (Bucharest and Cluj-Napoca)???
61.1%
Country (top cities) G(reater) or S(maller) than radius % Correct
Serbia (Belgrade and Novi Sad)???
59.3%
Slovenia (Ljubljana and Maribor)???
57.4%
Ireland (Dublin and Cork)???
55.6%
Moldova (Chisinau and Tiraspol)???
55.6%
Spain (Madrid and Barcelona)???
55.6%
Bosnia and Herzegovina (Sarajevo and Banja Luka)???
53.7%
Hungary (Budapest and Debrecen)???
53.7%
Portugal (Lisbon and Porto)???
53.7%
Lithuania (Vilnius and Kaunas)???
51.9%
Czech Republic (Prague and Brno)???
50%
Norway – excludes Svalbard - (Oslo and Bergen)???
50%
Bulgaria (Sofia and Plovdiv)???
46.3%
Estonia (Tallinn and Tartu)???
44.4%
Macedonia (Skopje and Bitola)???
44.4%
Poland (Warsaw and Kraków)???
44.4%
Sweden (Stockholm and Gothenburg)???
44.4%
Ukraine (Kiev and Kharkiv)???
40.7%
Cyprus (Nicosia and Limassol)???
38.9%
Kosovo (Pristina and Prizren)???
25.9%

You're not logged in!

Compare scores with friends on all Sporcle quizzes.
OR
Log In

Sporcle TV

Today on Sporcle TV


Watch our educational content, quiz creation guides, and fun videos on Sporcle TV.

Show Comments

Extras

Top Quizzes Today


Score Distribution

Your Account Isn't Verified!

In order to create a playlist on Sporcle, you need to verify the email address you used during registration. Go to your Sporcle Settings to finish the process.

Report this User

Report this user for behavior that violates our Community Guidelines.

Details: